<?xml version="1.0" encoding="UTF-8"?>
<marc:record xmlns:marc="http://www.loc.gov/MARC21/slim">
   <marc:leader>00000nam a2200000 a 4500</marc:leader>
   <marc:datafield ind1="1" ind2=" " tag="100">
      <marc:subfield code="a">Seiler, Laura Malina</marc:subfield>
      <marc:subfield code="4">aut</marc:subfield>
      <marc:subfield code="e">Verfasser/-in</marc:subfield>
   </marc:datafield>
   <marc:datafield ind1=" " ind2=" " tag="653">
      <marc:subfield code="a">Esoterik</marc:subfield>
   </marc:datafield>
   <marc:datafield ind1="0" ind2="0" tag="245">
      <marc:subfield code="a">Es ist alles da.</marc:subfield>
   </marc:datafield>
   <marc:datafield ind1="0" ind2="0" tag="245">
      <marc:subfield code="c">Seiler, Laura Malina</marc:subfield>
   </marc:datafield>
   <marc:datafield ind1=" " ind2="1" tag="264">
      <marc:subfield code="a">Berlin</marc:subfield>
      <marc:subfield code="b">Malia</marc:subfield>
   </marc:datafield>
   <marc:datafield ind1=" " ind2=" " tag="250">
      <marc:subfield code="a">1. Auflage</marc:subfield>
   </marc:datafield>
   <marc:datafield ind1="1" ind2=" " tag="520">
      <marc:subfield code="a">Warum funktioniert Manifestieren bei anderen – aber bei dir nicht?&#xD;
&#xD;
Du hast visualisiert. Affirmationen gesprochen. An dich geglaubt.&#xD;
Und trotzdem bleiben deine Wünsche unerfüllt?&#xD;
&#xD;
Vielleicht liegt es nicht daran, dass du etwas falsch machst.&#xD;
Vielleicht fehlt nur ein entscheidender Baustein.&#xD;
&#xD;
In „Es ist alles da“ zeigt Spiritual Life Coach &amp; SPIEGEL-Bestseller-Autorin Laura Malina Seiler, warum Manifestation nicht im Außen beginnt, sondern in deinem inneren Zustand.&#xD;
&#xD;
Solange dein Nervensystem unbewusst auf Stress oder Mangel programmiert ist, können Fülle, Liebe und Erfolg keinen sicheren Boden finden. Wahres Manifestieren ist kein Wunschbaum-Prinzip. Es ist ein Prozess der inneren Veränderung.&#xD;
&#xD;
Dieses Buch verbindet moderne Spiritualität mit verständlichem Wissen über das Nervensystem und zeigt dir Schritt für Schritt:&#xD;
&#xD;
&#xD;
warum dein inneres Sicherheitsgefühl bestimmt, was du im Leben halten kannst&#xD;
wie alte Glaubenssätze, Prägungen und unbewusste Muster deine Realität prägen&#xD;
wie du dein Nervensystem regulierst und Blockaden löst&#xD;
wie du vom Wünschen ins Sein kommst&#xD;
wie du aus einer neuen Haltung heraus manifestierst&#xD;
&#xD;
&#xD;
Denn es geht nicht darum, was du dir wünschst.&#xD;
Es geht darum, wer du bist, während du es dir wünschst.&#xD;
&#xD;
Manifestieren bedeutet nicht, dir etwas hinzuzufügen.&#xD;
Es bedeutet, dich selbst wieder wahrzunehmen.&#xD;
&#xD;
Hör auf zu kämpfen.&#xD;
Schau dich an.&#xD;
Es ist alles da.&#xD;
&#xD;
&#xD;
&#xD;
Laura Malina Seiler hat das Thema Manifestation im deutschsprachigen Raum geprägt wie kaum eine andere. Sie zählt zu den bekanntesten Stimmen für moderne Spiritualität und Persönlichkeitsentwicklung. Mit ihren SPIEGEL-Bestsellern wie Mögest Du glücklich sein oder Love Codes, ihrem erfolgreichen Podcast „happy, holy &amp; confident®“ sowie der Rise Up &amp; Shine University® begleitet sie seit Jahren Millionen Menschen auf ihrem Weg in ein selbstbestimmtes, erfülltes Leben.&#xD;
&#xD;
Mit „Es ist alles da“ eröffnet sie eine neue Dimension des Manifestierens jenseits von Affirmationen und Vision Boards. Sie zeigt, dass nachhaltige Veränderung dort beginnt, wo innere Sicherheit entsteht.</marc:subfield>
   </marc:datafield>
   <marc:datafield ind1=" " ind2=" " tag="020">
      <marc:subfield code="a">9783949822735</marc:subfield>
      <marc:subfield code="9">9783949822735</marc:subfield>
   </marc:datafield>
   <marc:datafield ind1=" " ind2=" " tag="020">
      <marc:subfield code="a">3949822739</marc:subfield>
      <marc:subfield code="9">3949822739</marc:subfield>
   </marc:datafield>
   <marc:datafield ind1=" " ind2=" " tag="041">
      <marc:subfield code="a">ger</marc:subfield>
   </marc:datafield>
   <marc:datafield ind1=" " ind2=" " tag="338">
      <marc:subfield code="a">Band</marc:subfield>
   </marc:datafield>
   <marc:datafield ind1=" " ind2=" " tag="300">
      <marc:subfield code="a">298 Seiten</marc:subfield>
   </marc:datafield>
</marc:record>
